Cities in Canada or United States? - click quiz - Statistics

General Stats
  • This quiz has been taken 89 times
  • The average score is 15 of 16
Answer Stats
Hint Answer % Correct
Ottawa Canada
97%
Calgary Canada
96%
Nashville United States
96%
Dallas United States
96%
Boston United States
96%
Winnipeg Canada
95%
Halifax Canada
94%
Memphis United States
92%
Baltimore United States
92%
Edmonton Canada
91%
Milwaukee United States
91%
Brampton Canada
87%
Columbus United States
87%
London Canada
86%
Hamilton Canada
86%
Fort Worth United States
86%
No matching quizzes found
Score Distribution
Percent of People with Each Score
Percentile by Number Answered
Your Score History
You have not taken this quiz